000 00545nam a2200181Ia 4500
003 GCL
008 140319s9999 xx 000 0 ara d
040 _aGCL /
_cGCL
082 0 4 _a813.01
_bا ن
100 1 _aابوالمعاطى ابوالنجا
245 1 0 _aالناس والحب /
_cابوالمعاطى ابوالنجا
300 _a139 ص
490 _a
650 0 4 _aالقصص العربية
650 0 4 _aالقصص العربية القصيرة
650 0 4 _aالادب العربى - العصر الحديث
942 _2ddc
_cBK
999 _c45736
_d45736